|
|
|
|
| LEADER |
00862nam a22002172a 4500 |
| 001 |
000533604 |
| 003 |
CZ BrMZK |
| 005 |
20160216081700.0 |
| 007 |
ta |
| 008 |
000105s1987 gw f ger d |
| 040 |
|
|
|a BOA001
|b cze
|
| 100 |
1 |
|
|a Maunz, Markus Michael
|4 dis
|
| 245 |
1 |
0 |
|a Periotestwerte bei parodontalen Erkrankungen :
|b eine Korrelations- und Regressionsanalyse von orthopantomographischen und klinischen Parametern /
|c Markus Michael Maunz
|
| 260 |
|
|
|a Tübingen :
|b Markus Michael Maunz,
|c 1987
|
| 300 |
|
|
|a 94 s.
|
| 502 |
|
|
|a Disertace--Universität Tübingen, Medizinische Fakultät, 1987
|
| 504 |
|
|
|a Obsahuje bibliografie
|
| 710 |
2 |
|
|a Universität Tübingen.
|b Medizinische Fakultät
|7 xx0109384
|4 isb
|
| 910 |
|
|
|a BOA001
|b M2-0924.969
|
| 990 |
|
|
|a BK
|
| 996 |
7 |
|
|b 2619743061
|c M2-0924.969
|l MZK
|r Sklad / do 24 hodin
|n 1
|w 000533604
|u 000010
|a 1
|e BOA001
|j MZK50
|s A
|